[Event "Stay Safe Play From Home 325"]
[Site "Mustafa Kemal Atatürk"]
[Date "2020.07.23"]
[Round "4"]
[White "SoulofWolf"]
[Black "Dj amir"]
[Result "0-1"]
[WhiteElo "2078"]
[BlackElo "2430"]
[PlyCount "84"]
[EventDate "2020.07.23"]
[EventType "swiss (blitz)"]

1. c4 {[%emt 0:00:00]} e5 {[%emt 0:00:02]} 2. Nc3 {[%emt 0:00:00]} Nc6 {[%emt 0:00:00]} 3. e3 {[%emt 0:00:00]} g6 {[%emt 0:00:01]} 4. d4 {[%emt 0:00:01]} Bg7 {[%emt 0:00:01]} 5. d5 {[%emt 0:00:00]} Nce7 {[%emt 0:00:01]} 6. Nge2 {[%emt 0:00:01]} d6 {[%emt 0:00:00]} 7. Ng3 {[%emt 0:00:00]} h5 {[%emt 0:00:01]} 8. Be2 {[%emt 0:00:00]} h4 {[%emt 0:00:01]} 9. Nf1 {[%emt 0:00:00]} f5 {[%emt 0:00:01]} 10. Nd2 {[%emt 0:00:00]} Nf6 {[%emt 0:00:01]} 11. f3 {[%emt 0:00:00]} Nh5 {[%emt 0:00:02]} 12. Qc2 {[%emt 0:00:00]} c6 {[%emt 0:00:02]} 13. b3 {[%emt 0:00:00]} cxd5 {[%emt 0:00:01]} 14. cxd5 {[%emt 0:00:00]} Bd7 {[%emt 0:00:00]} 15. a4 {[%emt 0:00:01]} O-O {[%emt 0:00:03]} 16. Ba3 {[%emt 0:00:00]} Nc8 {[%emt 0:00:01]} 17. O-O-O {[%emt 0:00:01]} a6 {[%emt 0:00:01]} 18. Kb1 {[%emt 0:00:00]} b5 {[%emt 0:00:01]} 19. f4 {[%emt 0:00:06]} exf4 {[%emt 0:00:06]} 20. Bxh5 {[%emt 0:00:02]} gxh5 {[%emt 0:00:00]} 21. exf4 {[%emt 0:00:01]} bxa4 {[%emt 0:00:01]} 22. Nxa4 {[%emt 0:00:02]} Rb8 {[%emt 0:00:00]} 23. Nb2 {[%emt 0:00:03]} Bb5 {[%emt 0:00:03]} 24. Ndc4 {[%emt 0:00:07]} Rf7 {[%emt 0:00:02]} 25. Rhe1 {[%emt 0:00:01]} Bf8 {[%emt 0:00:01]} 26. Re6 {[%emt 0:00:02]} Nb6 {[%emt 0:00:02]} 27. Na5 {[%emt 0:00:03]} Rc8 {[%emt 0:00:02]} 28. Qf2 {[%emt 0:00:04]} Nd7 {[%emt 0:00:04]} 29. Nc6 {[%emt 0:00:01]} Bxc6 {[%emt 0:00:01]} 30. dxc6 {[%emt 0:00:00]} Rxc6 {[%emt 0:00:00]} 31. Qxh4 {[%emt 0:00:02]} Qxh4 {[%emt 0:00:01]} 32. Bxd6 {[%emt 0:00:02]} Bxd6 {[%emt 0:00:01]} 33. Rexd6 {[%emt 0:00:00]} Rxd6 {[%emt 0:00:00]} 34. Rxd6 {[%emt 0:00:01]} Qxf4 {[%emt 0:00:00]} 35. Rd1 {[%emt 0:00:02]} Qe4+ {[%emt 0:00:02]} 36. Ka2 {[%emt 0:00:00]} Nc5 {[%emt 0:00:01]} 37. Nc4 {[%emt 0:00:01]} Qe2+ {[%emt 0:00:01]} 38. Rd2 {[%emt 0:00:01]} Qe1 {[%emt 0:00:01]} 39. Kb2 {[%emt 0:00:01]} Ne4 {[%emt 0:00:00]} 40. Rd8+ {[%emt 0:00:01]} Kh7 {[%emt 0:00:01]} 41. Ne5 {[%emt 0:00:02]} Qc3+ {[%emt 0:00:01]} 42. Ka3 {[%emt 0:00:01]} Qxe5 {[%emt 0:00:00] SoulofWolf poddaje siê (Lag: Av=0.47s, max=1.1s)} 0-1

[Event "Stay Safe Play From Home 325"]
[Site "Mustafa Kemal Atatürk"]
[Date "2020.07.23"]
[Round "4"]
[White "Sfantul321"]
[Black "AChessPlayer"]
[Result "0-1"]
[WhiteElo "2064"]
[BlackElo "2367"]
[Annotator "NA"]
[PlyCount "130"]
[EventDate "2020.07.23"]
[EventType "swiss (blitz)"]

1. c4 {[%emt 0:00:00]} Nf6 {[%emt 0:00:01]} 2. Nc3 {[%emt 0:00:00]} e6 {[%emt 0:00:00]} 3. g3 {[%emt 0:00:00]} d5 {[%emt 0:00:00]} 4. cxd5 {[%emt 0:00:00]} exd5 {[%emt 0:00:00]} 5. d4 {[%emt 0:00:00]} Be7 {[%emt 0:00:01]} 6. Bg2 {[%emt 0:00:00]} c6 {[%emt 0:00:01]} 7. Nf3 {[%emt 0:00:00]} O-O {[%emt 0:00:00]} 8. O-O {[%emt 0:00:00]} Re8 {[%emt 0:00:00]} 9. h3 {[%emt 0:00:00]} Nbd7 {[%emt 0:00:00]} 10. Bg5 {[%emt 0:00:02]} h6 {[%emt 0:00:02]} 11. Bxf6 {[%emt 0:00:00]} Nxf6 {[%emt 0:00:00]} 12. e3 {[%emt 0:00:00]} Bd6 {[%emt 0:00:01]} 13. Nd2 {[%emt 0:00:01]} Bf5 {[%emt 0:00:01]} 14. Kh2 {[%emt 0:00:01]} h5 {[%emt 0:00:01]} 15. Re1 {[%emt 0:00:02]} h4 {[%emt 0:00:01]} 16. f4 {[%emt 0:00:02]} hxg3+ {[%emt 0:00:01]} 17. Kxg3 {[%emt 0:00:01]} Qd7 {[%emt 0:00:02]} 18. Kh2 {[%emt 0:00:01]} Rxe3 {[%emt 0:00:04]} 19. Rxe3 {[%emt 0:00:01]} Bxf4+ {[%emt 0:00:00]} 20. Rg3 {[%emt 0:00:00]} Qd6 {[%emt 0:00:01]} 21. Nf1 {[%emt 0:00:02]} Re8 {[%emt 0:00:04]} 22. Qf3 {[%emt 0:00:01]} Ne4 {[%emt 0:00:07]} 23. Nxe4 {[%emt 0:00:04]} dxe4 {[%emt 0:00:01]} 24. Qf2 {[%emt 0:00:01]} e3 {[%emt 0:00:01]} 25. Qe1 {[%emt 0:00:01]} e2 {[%emt 0:00:01]} 26. Kh1 {[%emt 0:00:03]} exf1=Q+ {[%emt 0:00:02]} 27. Qxf1 {[%emt 0:00:01]} Bxg3 {[%emt 0:00:00]} 28. Qxf5 {[%emt 0:00:01]} Qxd4 {[%emt 0:00:00]} 29. Rf1 {[%emt 0:00:02]} Re7 {[%emt 0:00:05]} 30. b3 {[%emt 0:00:01]} g6 {[%emt 0:00:01]} 31. Qg4 {[%emt 0:00:01]} Qxg4 {[%emt 0:00:01]} 32. hxg4 {[%emt 0:00:01]} Kg7 {[%emt 0:00:00]} 33. Bf3 {[%emt 0:00:02]} Bc7 {[%emt 0:00:00]} 34. Kg2 {[%emt 0:00:01]} Bb6 {[%emt 0:00:00]} 35. Rd1 {[%emt 0:00:01]} Re3 {[%emt 0:00:01]} 36. b4 {[%emt 0:00:02]} Ra3 {[%emt 0:00:01]} 37. Rd2 {[%emt 0:00:01]} Be3 {[%emt 0:00:01]} 38. Re2 {[%emt 0:00:01]} Bd4 {[%emt 0:00:01]} 39. Rd2 {[%emt 0:00:01]} Bc3 {[%emt 0:00:01]} 40. Rc2 {[%emt 0:00:01]} Bxb4 {[%emt 0:00:01]} 41. Rb2 {[%emt 0:00:00]} a5 {[%emt 0:00:02]} 42. Re2 {[%emt 0:00:01]} f5 {[%emt 0:00:01]} 43. gxf5 {[%emt 0:00:01]} gxf5 {[%emt 0:00:00]} 44. Re6 {[%emt 0:00:01]} Kf7 {[%emt 0:00:01]} 45. Re2 {[%emt 0:00:01]} Kf6 {[%emt 0:00:00]} 46. Rc2 {[%emt 0:00:01]} Kg5 {[%emt 0:00:00]} 47. Bxc6 {[%emt 0:00:01]} bxc6 {[%emt 0:00:01]} 48. Rxc6 {[%emt 0:00:00]} Rxa2+ {[%emt 0:00:00]} 49. Kf3 {[%emt 0:00:00]} Ra3+ {[%emt 0:00:01]} 50. Ke2 {[%emt 0:00:01]} Rc3 {[%emt 0:00:01]} 51. Rb6 {[%emt 0:00:01]} Kf4 {[%emt 0:00:01]} 52. Rb5 {[%emt 0:00:01]} Rc2+ {[%emt 0:00:00]} 53. Kd3 {[%emt 0:00:01]} Rd2+ {[%emt 0:00:00]} 54. Kc4 {[%emt 0:00:00]} Rd8 {[%emt 0:00:00]} 55. Kb3 {[%emt 0:00:01]} Ke4 {[%emt 0:00:00]} 56. Rb7 {[%emt 0:00:01]} f4 {[%emt 0:00:00]} 57. Rf7 {[%emt 0:00:01]} Kf3 {[%emt 0:00:00]} 58. Ka4 {[%emt 0:00:00]} Rd3 {[%emt 0:00:00]} 59. Rf6 {[%emt 0:00:00]} Re3 {[%emt 0:00:00]} 60. Rf7 {[%emt 0:00:01]} Re4 {[%emt 0:00:00]} 61. Rf6 {[%emt 0:00:01]} Ke3 {[%emt 0:00:00]} 62. Kb5 {[%emt 0:00:01]} f3 {[%emt 0:00:00]} 63. Rf5 {[%emt 0:00:01]} f2 {[%emt 0:00:00]} 64. Rg5 {[%emt 0:00:01]} Ke2 {[%emt 0:00:00]} 65. Re5 {[%emt 0:00:01]} Re3 {[%emt 0:00:00] Time (Lag: Av=0.45s, max=1.0s)} 0-1

[Event "Stay Safe Play From Home 325"]
[Site "Mustafa Kemal Atatürk"]
[Date "2020.07.23"]
[Round "4"]
[White "Lazieri3"]
[Black "Haris kollari 13"]
[Result "1-0"]
[WhiteElo "2042"]
[BlackElo "1617"]
[Annotator "NA"]
[PlyCount "79"]
[EventDate "2020.07.23"]
[EventType "swiss (blitz)"]

1. e4 {[%emt 0:00:01]} d6 {[%emt 0:00:01]} 2. Nc3 {[%emt 0:00:00]} c5 {[%emt 0:00:01]} 3. d4 {[%emt 0:00:00]} cxd4 {[%emt 0:00:02]} 4. Qxd4 {[%emt 0:00:00]} Nc6 {[%emt 0:00:00]} 5. Bb5 {[%emt 0:00:01]} Bd7 {[%emt 0:00:01]} 6. Qe3 {[%emt 0:00:01]} g6 {[%emt 0:00:02]} 7. Nf3 {[%emt 0:00:01]} Bg7 {[%emt 0:00:01]} 8. O-O {[%emt 0:00:00]} Nf6 {[%emt 0:00:01]} 9. Bd2 {[%emt 0:00:01]} Ng4 {[%emt 0:00:01]} 10. Qe2 {[%emt 0:00:02]} O-O {[%emt 0:00:01]} 11. h3 {[%emt 0:00:01]} Nge5 {[%emt 0:00:02]} 12. Nxe5 {[%emt 0:00:00]} Nxe5 {[%emt 0:00:01]} 13. Bxd7 {[%emt 0:00:00]} Qxd7 {[%emt 0:00:00]} 14. b3 {[%emt 0:00:01]} Nc6 {[%emt 0:00:02]} 15. Rad1 {[%emt 0:00:01]} Rac8 {[%emt 0:00:02]} 16. Nd5 {[%emt 0:00:03]} Ne5 {[%emt 0:00:10]} 17. c4 {[%emt 0:00:02]} e6 {[%emt 0:00:01]} 18. Ne3 {[%emt 0:00:02]} Rfd8 {[%emt 0:00:04]} 19. Ng4 {[%emt 0:00:01]} Nxg4 {[%emt 0:00:01]} 20. Qxg4 {[%emt 0:00:00]} Qe7 {[%emt 0:00:00]} 21. Bc3 {[%emt 0:00:01]} Bxc3 {[%emt 0:00:03]} 22. Rd3 {[%emt 0:00:02]} Bg7 {[%emt 0:00:03]} 23. Rfd1 {[%emt 0:00:01]} b5 {[%emt 0:00:01]} 24. cxb5 {[%emt 0:00:05]} Rc5 {[%emt 0:00:01]} 25. a4 {[%emt 0:00:02]} Be5 {[%emt 0:00:01]} 26. f4 {[%emt 0:00:02]} Bg7 {[%emt 0:00:01]} 27. Kh2 {[%emt 0:00:03]} e5 {[%emt 0:00:02]} 28. f5 {[%emt 0:00:01]} g5 {[%emt 0:00:02]} 29. Rf3 {[%emt 0:00:02]} f6 {[%emt 0:00:01]} 30. h4 {[%emt 0:00:01]} h6 {[%emt 0:00:02]} 31. h5 {[%emt 0:00:00]} Qf7 {[%emt 0:00:01]} 32. Rfd3 {[%emt 0:00:02]} Qe7 {[%emt 0:00:01]} 33. Qf3 {[%emt 0:00:01]} Bf8 {[%emt 0:00:00]} 34. g4 {[%emt 0:00:01]} Qc7 {[%emt 0:00:01]} 35. Rd5 {[%emt 0:00:01]} Rc2+ {[%emt 0:00:01]} 36. R1d2 {[%emt 0:00:01]} Rxd2+ {[%emt 0:00:01]} 37. Rxd2 {[%emt 0:00:00]} Rc8 {[%emt 0:00:00]} 38. Qd3 {[%emt 0:00:01]} Qc3 {[%emt 0:00:01]} 39. Qd5+ {[%emt 0:00:01]} Kg7 {[%emt 0:00:04]} 40. Qd3 {[%emt 0:00:00] Time} 1-0

[Event "Stay Safe Play From Home 325"]
[Site "Mustafa Kemal Atatürk"]
[Date "2020.07.23"]
[Round "4"]
[White "Greblha"]
[Black "Stefanone"]
[Result "1/2-1/2"]
[WhiteElo "1929"]
[BlackElo "2070"]
[Annotator "NA"]
[PlyCount "110"]
[EventDate "2020.07.23"]
[EventType "swiss (blitz)"]

1. e4 {[%emt 0:00:00]} d6 {[%emt 0:00:01]} 2. d4 {[%emt 0:00:02]} Nd7 {[%emt 0:00:00]} 3. Nc3 {[%emt 0:00:01]} Ngf6 {[%emt 0:00:00]} 4. Be3 {[%emt 0:00:01]} e5 {[%emt 0:00:00]} 5. f3 {[%emt 0:00:01]} Be7 {[%emt 0:00:00]} 6. Nge2 {[%emt 0:00:01]} c6 {[%emt 0:00:00]} 7. g3 {[%emt 0:00:02]} Qc7 {[%emt 0:00:00]} 8. Bg2 {[%emt 0:00:01]} b5 {[%emt 0:00:01]} 9. O-O {[%emt 0:00:01]} Bb7 {[%emt 0:00:01]} 10. dxe5 {[%emt 0:00:02]} Nxe5 {[%emt 0:00:01]} 11. Nf4 {[%emt 0:00:02]} O-O-O {[%emt 0:00:02]} 12. Nce2 {[%emt 0:00:01]} Rhf8 {[%emt 0:00:02]} 13. Qe1 {[%emt 0:00:01]} a6 {[%emt 0:00:01]} 14. Qf2 {[%emt 0:00:01]} c5 {[%emt 0:00:01]} 15. b4 {[%emt 0:00:01]} c4 {[%emt 0:00:02]} 16. Bb6 {[%emt 0:00:02]} Qc6 {[%emt 0:00:02]} 17. Bxd8 {[%emt 0:00:01]} Rxd8 {[%emt 0:00:00]} 18. Nd5 {[%emt 0:00:02]} Nxd5 {[%emt 0:00:01]} 19. exd5 {[%emt 0:00:01]} Qxd5 {[%emt 0:00:00]} 20. Nf4 {[%emt 0:00:01]} Qc6 {[%emt 0:00:02]} 21. a4 {[%emt 0:00:02]} d5 {[%emt 0:00:02]} 22. c3 {[%emt 0:00:01]} Bf6 {[%emt 0:00:03]} 23. Rfe1 {[%emt 0:00:02]} g5 {[%emt 0:00:01]} 24. Nh5 {[%emt 0:00:02]} Nd3 {[%emt 0:00:03]} 25. Qe3 {[%emt 0:00:02]} Bxc3 {[%emt 0:00:01]} 26. Qxg5 {[%emt 0:00:03]} Bxa1 {[%emt 0:00:01]} 27. Rxa1 {[%emt 0:00:01]} d4 {[%emt 0:00:01]} 28. Nf6 {[%emt 0:00:02]} c3 {[%emt 0:00:01]} 29. Qf5+ {[%emt 0:00:03]} Kb8 {[%emt 0:00:01]} 30. Qxd3 {[%emt 0:00:00]} Qxf6 {[%emt 0:00:03]} 31. f4 {[%emt 0:00:02]} Bxg2 {[%emt 0:00:02]} 32. Kxg2 {[%emt 0:00:01]} Qc6+ {[%emt 0:00:00]} 33. Qf3 {[%emt 0:00:01]} Qxf3+ {[%emt 0:00:01]} 34. Kxf3 {[%emt 0:00:00]} d3 {[%emt 0:00:00]} 35. Ke3 {[%emt 0:00:01]} d2 {[%emt 0:00:01]} 36. Rd1 {[%emt 0:00:03]} c2 {[%emt 0:00:01]} 37. Rxd2 {[%emt 0:00:00]} Rxd2 {[%emt 0:00:01]} 38. Kxd2 {[%emt 0:00:01]} bxa4 {[%emt 0:00:01]} 39. Kxc2 {[%emt 0:00:01]} Kb7 {[%emt 0:00:00]} 40. Kb2 {[%emt 0:00:00]} Kb6 {[%emt 0:00:00]} 41. Ka3 {[%emt 0:00:01]} Kb5 {[%emt 0:00:00]} 42. f5 {[%emt 0:00:00]} f6 {[%emt 0:00:01]} 43. g4 {[%emt 0:00:00]} Kc4 {[%emt 0:00:02]} 44. h4 {[%emt 0:00:00]} Kd5 {[%emt 0:00:01]} 45. g5 {[%emt 0:00:01]} Ke5 {[%emt 0:00:01]} 46. gxf6 {[%emt 0:00:01]} Kxf6 {[%emt 0:00:01]} 47. Kxa4 {[%emt 0:00:00]} Kxf5 {[%emt 0:00:00]} 48. Ka5 {[%emt 0:00:00]} Kg4 {[%emt 0:00:00]} 49. Kxa6 {[%emt 0:00:00]} Kxh4 {[%emt 0:00:00]} 50. b5 {[%emt 0:00:00]} Kg3 {[%emt 0:00:00]} 51. b6 {[%emt 0:00:00]} h5 {[%emt 0:00:00]} 52. b7 {[%emt 0:00:00]} h4 {[%emt 0:00:00]} 53. b8=Q+ {[%emt 0:00:00]} Kg2 {[%emt 0:00:01]} 54. Qh8 {[%emt 0:00:01]} h3 {[%emt 0:00:01]} 55. Qxh3+ {[%emt 0:00:01]} Kxh3 {[%emt 0:00:01] (Lag: Av=0.26s, max=0.9s)} 1/2-1/2

[Event "Stay Safe Play From Home 325"]
[Site "Mustafa Kemal Atatürk"]
[Date "2020.07.23"]
[Round "4"]
[White "SelamiSahin"]
[Black "Trotsky"]
[Result "1-0"]
[WhiteElo "1865"]
[BlackElo "1588"]
[Annotator "NA"]
[PlyCount "41"]
[EventDate "2020.07.23"]
[EventType "swiss (blitz)"]

1. d4 {[%emt 0:00:01]} d5 {[%emt 0:00:01]} 2. c3 {[%emt 0:00:00]} e6 {[%emt 0:00:01]} 3. Nf3 {[%emt 0:00:00]} c5 {[%emt 0:00:01]} 4. g3 {[%emt 0:00:00]} Nc6 {[%emt 0:00:01]} 5. Bg2 {[%emt 0:00:01]} Bd6 {[%emt 0:00:01]} 6. O-O {[%emt 0:00:01]} Qc7 {[%emt 0:00:01]} 7. e3 {[%emt 0:00:02]} c4 {[%emt 0:00:01]} 8. Re1 {[%emt 0:00:01]} Nf6 {[%emt 0:00:01]} 9. Nbd2 {[%emt 0:00:02]} Bd7 {[%emt 0:00:01]} 10. e4 {[%emt 0:00:00]} Ng4 {[%emt 0:00:03]} 11. exd5 {[%emt 0:00:02]} Ne7 {[%emt 0:00:02]} 12. dxe6 {[%emt 0:00:01]} fxe6 {[%emt 0:00:04]} 13. Ne4 {[%emt 0:00:01]} O-O-O {[%emt 0:00:01]} 14. Nxd6+ {[%emt 0:00:01]} Qxd6 {[%emt 0:00:01]} 15. Ne5 {[%emt 0:00:00]} h5 {[%emt 0:00:02]} 16. Nxg4 {[%emt 0:00:02]} hxg4 {[%emt 0:00:01]} 17. Qxg4 {[%emt 0:00:00]} e5 {[%emt 0:00:03]} 18. Qxg7 {[%emt 0:00:01]} Nf5 {[%emt 0:00:03]} 19. Qxe5 {[%emt 0:00:01]} Qg6 {[%emt 0:00:04]} 20. Bf4 {[%emt 0:00:01]} Bc6 {[%emt 0:00:10]} 21. Qc7# {[%emt 0:00:01] (Lag: Av=0.37s, max=0.6s)} 1-0

[Event "Stay Safe Play From Home 325"]
[Site "Mustafa Kemal Atatürk"]
[Date "2020.07.23"]
[Round "4"]
[White "Meini"]
[Black "Klausen"]
[Result "0-1"]
[WhiteElo "1573"]
[BlackElo "1787"]
[Annotator "NA"]
[PlyCount "86"]
[EventDate "2020.07.23"]
[EventType "swiss (blitz)"]

1. d4 {[%emt 0:00:01]} e6 {[%emt 0:00:01]} 2. Bf4 {[%emt 0:00:01]} f5 {[%emt 0:00:01]} 3. e3 {[%emt 0:00:00]} Nf6 {[%emt 0:00:01]} 4. Nf3 {[%emt 0:00:00]} d5 {[%emt 0:00:01]} 5. Bd3 {[%emt 0:00:00]} Bd6 {[%emt 0:00:01]} 6. O-O {[%emt 0:00:01]} O-O {[%emt 0:00:01]} 7. c3 {[%emt 0:00:01]} c5 {[%emt 0:00:01]} 8. Qc2 {[%emt 0:00:01]} Nc6 {[%emt 0:00:01]} 9. dxc5 {[%emt 0:00:02]} Bxc5 {[%emt 0:00:01]} 10. Nbd2 {[%emt 0:00:02]} Ne4 {[%emt 0:00:01]} 11. Ne5 {[%emt 0:00:01]} Bd6 {[%emt 0:00:02]} 12. Nxc6 {[%emt 0:00:04]} bxc6 {[%emt 0:00:01]} 13. Bxd6 {[%emt 0:00:01]} Qxd6 {[%emt 0:00:01]} 14. Bxe4 {[%emt 0:00:03]} fxe4 {[%emt 0:00:02]} 15. f3 {[%emt 0:00:02]} exf3 {[%emt 0:00:02]} 16. Rxf3 {[%emt 0:00:02]} Rxf3 {[%emt 0:00:02]} 17. Nxf3 {[%emt 0:00:01]} e5 {[%emt 0:00:00]} 18. e4 {[%emt 0:00:02]} Bg4 {[%emt 0:00:02]} 19. exd5 {[%emt 0:00:02]} Bxf3 {[%emt 0:00:02]} 20. gxf3 {[%emt 0:00:03]} Qxd5 {[%emt 0:00:01]} 21. Qe4 {[%emt 0:00:01]} Rf8 {[%emt 0:00:03]} 22. Re1 {[%emt 0:00:04]} Rxf3 {[%emt 0:00:04]} 23. Qxd5+ {[%emt 0:00:02]} cxd5 {[%emt 0:00:01]} 24. Rxe5 {[%emt 0:00:01]} Rf6 {[%emt 0:00:02]} 25. Rxd5 {[%emt 0:00:01]} Ra6 {[%emt 0:00:01]} 26. a3 {[%emt 0:00:02]} Kf7 {[%emt 0:00:01]} 27. Rd7+ {[%emt 0:00:06]} Kf6 {[%emt 0:00:01]} 28. Rb7 {[%emt 0:00:00]} h5 {[%emt 0:00:03]} 29. c4 {[%emt 0:00:01]} g5 {[%emt 0:00:01]} 30. c5 {[%emt 0:00:01]} Kf5 {[%emt 0:00:01]} 31. b4 {[%emt 0:00:01]} Kg4 {[%emt 0:00:01]} 32. b5 {[%emt 0:00:03]} Rxa3 {[%emt 0:00:01]} 33. c6 {[%emt 0:00:00]} Rc3 {[%emt 0:00:01]} 34. c7 {[%emt 0:00:02]} Kh3 {[%emt 0:00:01]} 35. Kf2 {[%emt 0:00:02]} Rc2+ {[%emt 0:00:01]} 36. Ke3 {[%emt 0:00:01]} Kxh2 {[%emt 0:00:01]} 37. Kd3 {[%emt 0:00:00]} Rc1 {[%emt 0:00:01]} 38. Kd4 {[%emt 0:00:00]} g4 {[%emt 0:00:02]} 39. Kd5 {[%emt 0:00:00]} g3 {[%emt 0:00:00]} 40. Kd6 {[%emt 0:00:00]} g2 {[%emt 0:00:00]} 41. Kd7 {[%emt 0:00:00]} g1=Q {[%emt 0:00:01]} 42. c8=Q {[%emt 0:00:00]} Qd4+ {[%emt 0:00:01]} 43. Ke8 {[%emt 0:00:02]} Rxc8+ {[%emt 0:00:00] Zeit (Lag: Av=0.55s, max=1.0s)} 0-1

[Event "Stay Safe Play From Home 325"]
[Site "Mustafa Kemal Atatürk"]
[Date "2020.07.23"]
[Round "4"]
[White "Mamba2001de"]
[Black "Mandy"]
[Result "1-0"]
[WhiteElo "1458"]
[BlackElo "875"]
[Annotator "NA"]
[PlyCount "33"]
[EventDate "2020.07.23"]
[EventType "swiss (blitz)"]

1. e4 {[%emt 0:00:01]} c6 {[%emt 0:00:03]} 2. Nf3 {[%emt 0:00:01]} d5 {[%emt 0:00:01]} 3. exd5 {[%emt 0:00:01]} cxd5 {[%emt 0:00:02]} 4. d4 {[%emt 0:00:00]} Nf6 {[%emt 0:00:02]} 5. Bd3 {[%emt 0:00:01]} Bg4 {[%emt 0:00:04]} 6. O-O {[%emt 0:00:01]} g6 {[%emt 0:00:01]} 7. c3 {[%emt 0:00:01]} e6 {[%emt 0:00:00]} 8. h3 {[%emt 0:00:01]} Bxf3 {[%emt 0:00:05]} 9. Qxf3 {[%emt 0:00:01]} Be7 {[%emt 0:00:03]} 10. Bg5 {[%emt 0:00:01]} O-O {[%emt 0:00:02]} 11. Re1 {[%emt 0:00:02]} Nbd7 {[%emt 0:00:01]} 12. Bh6 {[%emt 0:00:02]} Re8 {[%emt 0:00:03]} 13. h4 {[%emt 0:00:00]} b6 {[%emt 0:00:09]} 14. Nd2 {[%emt 0:00:01]} Qc7 {[%emt 0:00:02]} 15. Rac1 {[%emt 0:00:06]} Rac8 {[%emt 0:00:06]} 16. c4 {[%emt 0:00:01]} Nh5 {[%emt 0:00:11]} 17. cxd5 {[%emt 0:00:04] Zeit (Lag: Av=0.60s, max=1.0s)} 1-0

[Event "Stay Safe Play From Home 325"]
[Site "Mustafa Kemal Atatürk"]
[Date "2020.07.23"]
[Round "5"]
[White "Dj amir"]
[Black "Broken sword"]
[Result "1/2-1/2"]
[WhiteElo "2434"]
[BlackElo "2482"]
[Annotator "TA"]
[PlyCount "160"]
[EventDate "2020.07.23"]
[EventType "swiss (blitz)"]

{[%evp 10,160,11,-7,0,-25,-19,-20,-19,-27,-18,-31,-4,-23,0,-46,-40,-35,-4,-13,0,-14,-14,-14,-18,-31,-27,-18,0,-15,0,-7,-12,0,5,5,10,5,10,6,6,0,27,0,27,27,27,8,8,8,8,8,8,8,25,7,6,9,6,0,0,0,0,-2,-2,-2,-2,-2,0,-4,0,-4,0,-4,0,-34,0,0,0,0,0,0,0,0,29,0,0,0,72,0,0,0,0,0,0,0,0,-53,0,0,0,0,12,36,159,87,80,126,95,110,149,74,450,147,147,148,1436,837,29969,29970,29965,29961,4627,0,0,0,0,0,0,0,0,0,0,0,0,0,0,0,0,0,0,0,0,0,0,0,0,0,0,0,0,0,0]} 1. d4 d5 2. Nf3 c6 3. g3 Nf6 4. Bg2 Bf5 5. O-O e6 6. c3 h6 {D02: 1 d4 d5 2 Nf3 sidelines, including 2...Nf6 3 g3 and 2...Nf6 3 Bf4.} 7. Bf4 Nbd7 8. Nbd2 Be7 9. h3 O-O 10. Re1 Ne4 {[#]} 11. Qb3 $146 ({Predecessor:} 11. Ne5 Nxd2 12. Nxd7 Qxd7 13. Qxd2 Rfe8 14. h4 Bd6 15. e4 dxe4 16. Bxe4 Bxe4 17. Rxe4 {1-0 (66) Svirjov,I (2346)-Korstin,M (2101) Tallinn 1999}) 11... Qb6 12. Rad1 Nxd2 13. Nxd2 Nf6 (13... g5 {is interesting.} 14. Be3 a5 15. Ra1 f6 16. Qxb6 Nxb6 17. a4 Bd6) 14. e4 (14. g4 {with more complications.} Bh7 15. Qxb6 axb6 16. a3 g5 17. Bg3) 14... dxe4 15. Nxe4 (15. Be5 {feels hotter.} Rfd8 16. g4 Bg6 17. Qxb6 axb6 18. a3) 15... Nxe4 16. Bxe4 Bxe4 17. Rxe4 Qxb3 18. axb3 Rfd8 19. b4 a6 20. Bc7 Rd7 21. Bb6 Bd8 22. Bxd8 $1 Raxd8 $11 {[%mdl 4096] Endgame KRR-KRR} 23. Ra1 Kf8 24. Kg2 Rd5 25. g4 R8d7 26. Kg3 g6 27. f4 h5 28. Re5 Rxe5 29. fxe5 hxg4 30. hxg4 {KR-KR} Kg7 31. Rh1 Rd5 32. Kf4 a5 33. bxa5 Rxa5 34. Rh2 Ra1 35. Rg2 Re1 36. Kf3 g5 37. Re2 Rg1 38. Rg2 Re1 39. Kf2 Rb1 40. Ke3 Rf1 41. Kd3 b5 42. Kc2 Kf8 43. Kb3 Ke7 44. Kb4 Kd7 45. Kc5 Rf4 46. Kb6 Re4 47. Kb7 Rf4 48. Kb6 Rf3 (48... Re4 $11) 49. Kc5 ({White should play} 49. Rh2 $16) 49... Rf4 50. b3 Rf3 51. Kb4 Rf4 52. Kc5 Rf3 53. c4 ({White should try} 53. Kb4 $11) 53... bxc4 (53... Rxb3 $15 54. Rf2 Ke7 55. Kxc6 bxc4) 54. bxc4 Rf4 55. Rg1 Kc7 56. Ra1 Kb7 (56... Kd7 $14) 57. Rb1+ $1 $16 Kc7 58. Rb6 $1 Rxg4 59. Rxc6+ Kd7 {[#] ...Rxd4! would now be nice for Black.} 60. Ra6 (60. Rb6 $142 $1) 60... Rf4 $2 {[%mdl 8192]} (60... Re4 $16 {is more resistant.}) 61. d5 $18 exd5 62. cxd5 g4 $2 {[%mdl 8192]} (62... Rf3 $16) 63. Ra7+ Ke8 {[#]} 64. Kd6 $1 {[%cal Ra7a8]} Kf8 65. e6 fxe6 66. Kxe6 $2 (66. Ra8+ $18 Kg7 67. dxe6) 66... g3 $11 {The position is equal.} 67. Ra8+ Kg7 68. Ra7+ Kg6 {Strongly threatening ...g2.} 69. Ra3 Rg4 {Threatens to win with ...g2.} 70. Ra1 Kg5 71. d6 Rd4 72. d7 Kg4 73. Ke7 (73. Ra4 {keeps more tension.} Rxa4 74. d8=Q g2 75. Qd1+ Kg3 76. Qc1) 73... g2 74. d8=Q Rxd8 75. Kxd8 {KR-KP} Kf3 76. Ke7 Kf2 77. Ra2+ Kf1 78. Ra1+ Kf2 79. Ra2+ Kf1 80. Ra1+ Kf2 {White really could win this. Accuracy: White = 85%, Black = 72%.} 1/2-1/2